Jean-Louis Bruguès, Précis de théologie morale générale ; tome 2 : « Anthropologie morale », vol. 1, Paris, Parole et silence, coll. « Essais de l’École cathédrale », 2002. 21 cm. 182 p. ISBN 2-84573-083-7. € 15 ; vol. 2, Bonheur, liberté, conscience, Paris, Parole et silence, 2003. 249 p. ISBN 2-84573-155-8. € 18 (notice n° 2222530)
[ vue normale ]
| 000 -LEADER | |
|---|---|
| fixed length control field | 00805cam a2200145 4500500 |
| 005 - DATE AND TIME OF LATEST TRANSACTION | |
| control field | 20260426010550.0 |
| 041 ## - LANGUAGE CODE | |
| Language code of text/sound track or separate title | fre |
| 042 ## - AUTHENTICATION CODE | |
| Authentication code | dc |
| 100 10 - MAIN ENTRY--PERSONAL NAME | |
| Personal name | Geiser, Joël |
| Relator term | author |
| 245 00 - TITLE STATEMENT | |
| Title | Jean-Louis Bruguès, Précis de théologie morale générale ; tome 2 : « Anthropologie morale », vol. 1, Paris, Parole et silence, coll. « Essais de l’École cathédrale », 2002. 21 cm. 182 p. ISBN 2-84573-083-7. € 15 ; vol. 2, Bonheur, liberté, conscience, Paris, Parole et silence, 2003. 249 p. ISBN 2-84573-155-8. € 18 |
| 260 ## - PUBLICATION, DISTRIBUTION, ETC. | |
| Date of publication, distribution, etc. | 2005.<br/> |
| 500 ## - GENERAL NOTE | |
| General note | 16 |
| 786 0# - DATA SOURCE ENTRY | |
| Note | Études théologiques et religieuses | 80 | 3 | 2005-09-01 | p. 431q-448q | 0014-2239 |
| 856 41 - ELECTRONIC LOCATION AND ACCESS | |
| Uniform Resource Identifier | <a href="https://shs.cairn.info/revue-etudes-theologiques-et-religieuses-2005-3-page-431q?lang=fr&redirect-ssocas=7080">https://shs.cairn.info/revue-etudes-theologiques-et-religieuses-2005-3-page-431q?lang=fr&redirect-ssocas=7080</a> |
Pas d'exemplaire disponible.




Réseaux sociaux